000 00395cam a2200157ua 4500
041 _aeng
_h
082 _a828.09
_bFRA/SH
100 _aFraser, Russell A.
245 _aShakespeare`s poetics /
_cRussell A Fraser.
_hTextual Documents
250 _a1 /
_b.
260 _aLondon :
_bRoutledge & Kegan Paul Ltd ,
_c1962.
300 _a184 ; .
504 _a
942 _cBK
999 _c7611
_d7611